000 00816nac a22002171u 4500
010 _a2002193031
020 _a013100848X
082 0 0 _a343.73052
_bD4113
090 _c1068
_d1068
100 _aDennis-Escoffier, Shir
245 1 0 _aTaxation for decision makers /
_cShirley Dennis-Escoffier, Karen A. Fortin.
250 _a2004 ed.
260 _aUpper Saddle River, NJ :
_bPearson Prentice Hall,
_cc2004.
300 _axxiii, 488 p, :
_bill. ;
_c28 cm.
500 _aIncludes index.
650 0 _aIncome tax
_xLaw and legislation
_zUnited States.
650 0 _aTaxation
_xLaw and legislation
_zUnited States.
700 1 _aFortin, Karen.
942 _cBB
_k343.73052D4113
999 _c1068
_d1068